书目信息 |
| 题名: |
这些年,你吃的都是不懂性格的亏
|
|
| 作者: | 白君 著 | |
| 分册: | ||
| 出版信息: | 成都 天地出版社 2015 |
|
| 页数: | 269页 | |
| 开本: | 24cm | |
| 丛书名: | ||
| 单 册: | ||
| 中图分类: | B848.6-49 | |
| 科图分类: | ||
| 主题词: | 性格--通俗读物 | |
| 电子资源: | ||
| ISBN: | 978-7-5455-1584-8 | |
| 000 | 00976nam0 2200229 450 | |
| 001 | 012001002926 | |
| 005 | 20140926114740.0 | |
| 010 | @a978-7-5455-1584-8@dCNY36.00 | |
| 100 | @a20151126d2015 em y0chiy0110 ea | |
| 101 | 0 | @achi |
| 102 | @aCN@b510000 | |
| 105 | @aa z 000yy | |
| 106 | @ar | |
| 200 | 1 | @a这些年,你吃的都是不懂性格的亏@9zhe xie nian,ni chi de dou shi bu dong xing ge de kui@f白君著 |
| 210 | @a成都@c天地出版社@d2015 | |
| 215 | @a269页@c图@d24cm | |
| 330 | @a本书通过九种动物来剖析人的九种性格:追求完美的“蚂蚁”、默默奉献的“猎犬”、渴望成功的“雄鹰”、忧郁浪漫的“天鹅”、善于思考的“猫头鹰”、谨小慎微的“野兔”、活泼开朗的“蝴蝶”、霸气外露的“狮子”、召唤和平的“海豚”。旨在帮助我们洞察身边人的真实想法,使我们轻松地与朋友、同事、上司搞好关系,从而提升人生的成功指数和幸福指数。 | |
| 606 | 0 | @a性格@j通俗读物 |
| 690 | @aB848.6-49@v5 | |
| 701 | 0 | @a白君@9bai jun@4著 |
| 801 | 0 | @aCN@b上海新华@c20180901 |
| 905 | @b1161780-4@dB848.6-49@e2762@f5 | |
| 这些年,你吃的都是不懂性格的亏/白君著.-成都:天地出版社,2015 |
| 269页:图;24cm |
| ISBN 978-7-5455-1584-8:CNY36.00 |
| 本书通过九种动物来剖析人的九种性格:追求完美的“蚂蚁”、默默奉献的“猎犬”、渴望成功的“雄鹰”、忧郁浪漫的“天鹅”、善于思考的“猫头鹰”、谨小慎微的“野兔”、活泼开朗的“蝴蝶”、霸气外露的“狮子”、召唤和平的“海豚”。旨在帮助我们洞察身边人的真实想法,使我们轻松地与朋友、同事、上司搞好关系,从而提升人生的成功指数和幸福指数。 |
| ● |
| 相关链接 |
|
|
|
|
正题名:这些年,你吃的都是不懂性格的亏
索取号:B848.6-49/2762
 
预约/预借
| 序号 | 登录号 | 条形码 | 馆藏地/架位号 | 状态 | 备注 |
| 1 | 1161780 | 211617801 | 第一样本阅览室/ [索取号:B848.6-49/2762] | 在馆 | |
| 2 | 1161781 | 211617810 | 第一借阅区/ [索取号:B848.6-49/2762] | 在馆 | |
| 3 | 1161782 | 211617829 | 第一借阅区/ [索取号:B848.6-49/2762] | 在馆 | |
| 4 | 1161783 | 211617838 | 第一借阅区/ [索取号:B848.6-49/2762] | 在馆 | |
| 5 | 1161784 | 211617847 | 第一借阅区/ [索取号:B848.6-49/2762] | 在馆 |